Most Played Games - Sudden Death - Statistics

General Stats
  • This quiz has been taken 195 times
  • The average score is 3 of 10
Answers on the Grid
Answers color-coded by a green-red scale on the quiz's grid according to % correct below.
Fortnite
Clash royale
Minecraft
Warzone
Apex Legends
EA FC 2024
Rocket League
PUBG : battlegrounds
Roblox
Clash of Clans
GTA V
Far Cry 6
Red Dead Redemption II
League of Legends
Valorant
Brawl Stars
Assassin's Creed : Mirage
The Last of Us
Uncharted 4
 
Answer Stats
Answer % Correct
Fortnite
93%
Minecraft
67%
Roblox
42%
GTA V
36%
League of Legends
16%
Apex Legends
13%
EA FC 2024
11%
PUBG : battlegrounds
10%
Valorant
9%
Warzone
9%
No matching quizzes found
Score Distribution
Percent of People with Each Score
Percentile by Number Answered
Your Score History
You have not taken this quiz